|
|
|
|
| LEADER |
00000nam a2200000 a 4500 |
| 001 |
vtls001425252 |
| 003 |
SK-MaSNL |
| 005 |
20260302001748.0 |
| 008 |
240226s2001 xo aap r yy slo |
| 015 |
|
|
|a SNBA2002/03-01123
|
| 020 |
|
|
|a 808904526X
|
| 035 |
|
|
|a SNK000380145
|
| 035 |
|
|
|a urn:nbn:sk:snk-amlu0i
|
| 035 |
|
|
|a urn:nbn:sk:snk-am00ccfx
|
| 035 |
|
|
|a 3EE4C6AA-8F99-40EA-8DC0-44100F9BB7AD
|
| 040 |
|
|
|a SNK
|b slo
|c SNK
|e AACR2
|
| 041 |
0 |
|
|a slo
|
| 044 |
|
|
|a xo
|c SK
|
| 080 |
|
|
|a 65.012.4(075.4)
|2 1981
|
| 130 |
1 |
0 |
|a Making decisions
|l Slovensky
|9 638171
|
| 245 |
0 |
|
|a Efektívny manažér
|n Kniha 3
|p Rozhodovanie
|c [prekladatelia: Valéria Lesňáková, Anna Šlapková]
|
| 260 |
|
|
|a Bratislava
|b Nadácia City University
|c c2001
|
| 300 |
|
|
|a 114 s.
|b fotogr., ilustr., sch., tab.
|c 30 cm
|
| 500 |
|
|
|a Údaj o prekl.prevzatý z rubu tit. strany
|
| 504 |
|
|
|a Bibliogr. s. 108
|
| 650 |
0 |
7 |
|a manažment
|x rozhodovanie
|x učebnice kurzov
|2 SNK
|9 638172
|
| 655 |
|
7 |
|a učebnice
|2 SNK
|9 22521
|
| 700 |
1 |
|
|a Lesňáková, Valéria
|4 trl
|9 299004
|
| 700 |
1 |
|
|a Šlapková, Anna
|4 trl
|9 514191
|
| 730 |
|
|
|t Making decisions
|9 638173
|
| 919 |
|
|
|a 80-89045-26-X
|
| 958 |
|
|
|a TL
|
| 958 |
|
|
|a OP
|
| 958 |
|
|
|a NS
|
| 958 |
|
|
|a NB
|
| 958 |
|
|
|a OND
|
| 968 |
|
|
|b ENG
|
| 999 |
|
|
|c 985165
|d 987095
|
| 952 |
|
|
|t P60, <03>, [BOOK], {603}
|a SNK
|b SNK
|y PREZ
|7 0
|p 17A0324645
|o snkSB 64219/3
|i snkKSP 13569/2001
|0 0
|1 0
|4 0
|d 2001-11-30
|f 1
|l 0
|r 2025-04-17 00:00:00
|w 2026-02-24
|
| 952 |
|
|
|t P60, <04>, [BOOK], {604}
|a SNK
|b SNK
|y VYP
|7 0
|p 17A0324646
|o snkSB 64219/3 D1
|i snkKSP 13570/2001
|0 0
|1 0
|4 0
|d 2001-11-30
|l 0
|r 2005-01-02 00:00:00
|w 2026-02-24
|